|
|
|
|
| LEADER |
00000nam0a2200000 4500 |
| 001 |
76912 |
| 005 |
20231101212913.0 |
| 010 |
|
|
|a 5985350010
|
| 035 |
|
|
|a (RuTPU)RU\TPU\book\82461
|
| 090 |
|
|
|a 76912
|
| 100 |
|
|
|a 20050505d2004 m y0rusy50 ca
|
| 101 |
0 |
|
|a rus
|
| 102 |
|
|
|a RU
|
| 105 |
|
|
|a a j 000zy
|
| 200 |
1 |
|
|a Практикум по неорганической химии
|f под ред. А. Ф. Воробьева и С. И. Дракина
|
| 205 |
|
|
|a 2-е изд., стер.
|
| 210 |
|
|
|a Москва
|c Альянс
|d 2004
|
| 215 |
|
|
|a 249 с.
|c ил.
|
| 606 |
1 |
|
|a Неорганическая химия
|2 stltpush
|3 (RuTPU)RU\TPU\subj\67586
|9 83311
|
| 610 |
1 |
|
|a практикумы
|
| 610 |
1 |
|
|a химические растворы
|
| 610 |
1 |
|
|a взвешивание
|
| 610 |
1 |
|
|a приготовление
|
| 610 |
1 |
|
|a химические вещества
|
| 610 |
1 |
|
|a титрование
|
| 610 |
1 |
|
|a перекристаллизация
|
| 610 |
1 |
|
|a молекулярная масса
|
| 610 |
1 |
|
|a окислительно-восстановительные реакции
|
| 610 |
1 |
|
|a энергия Гиббса
|
| 610 |
1 |
|
|a энтальпия
|
| 610 |
1 |
|
|a калометрическое измерение
|
| 610 |
1 |
|
|a электролитическая диссоциация
|
| 610 |
1 |
|
|a гидролиз
|
| 610 |
1 |
|
|a комплексообразование
|
| 610 |
1 |
|
|a металлы
|
| 610 |
1 |
|
|a магний
|
| 610 |
1 |
|
|a бор
|
| 610 |
1 |
|
|a алюминий
|
| 610 |
1 |
|
|a углерод
|
| 610 |
1 |
|
|a кремний
|
| 610 |
1 |
|
|a олово
|
| 610 |
1 |
|
|a свинец
|
| 610 |
1 |
|
|a азот
|
| 610 |
1 |
|
|a фосфор
|
| 610 |
1 |
|
|a сурьма
|
| 610 |
1 |
|
|a висмут
|
| 610 |
1 |
|
|a сера
|
| 610 |
1 |
|
|a селен
|
| 610 |
1 |
|
|a теллур
|
| 610 |
1 |
|
|a водород
|
| 610 |
1 |
|
|a галогены
|
| 610 |
1 |
|
|a хром
|
| 610 |
1 |
|
|a молибден
|
| 610 |
1 |
|
|a вольфрам
|
| 610 |
1 |
|
|a марганец
|
| 610 |
1 |
|
|a железо
|
| 610 |
1 |
|
|a кобальт
|
| 610 |
1 |
|
|a никель
|
| 610 |
1 |
|
|a медь
|
| 610 |
1 |
|
|a серебро
|
| 610 |
1 |
|
|a цинк
|
| 610 |
1 |
|
|a кадмий
|
| 610 |
1 |
|
|a ртуть
|
| 610 |
1 |
|
|a щелочные металлы
|
| 610 |
1 |
|
|a щелочно-земельные металлы
|
| 675 |
|
|
|a 546(076.5)
|v 3
|
| 702 |
|
1 |
|a Воробьев
|b А. Ф.
|g Адольф Федорович
|4 340
|
| 702 |
|
1 |
|a Дракин
|b С. И.
|g Сергей Иванович
|4 340
|
| 801 |
|
1 |
|a RU
|b 63413507
|c 20050505
|g PSBO
|
| 801 |
|
2 |
|a RU
|b 63413507
|c 20160421
|g PSBO
|
| 942 |
|
|
|c BK
|
| 959 |
|
|
|a 49/20050504
|d 2
|e 0
|f ЧЗТЛ:2
|
| 959 |
|
|
|a 91/20061031
|d 2
|e 120,00
|f ЧЗТЛ:1
|